[Event "10. Europameisterschaft der Frauen"]
[Site "St. Petersburg"]
[Date "2009.03.08"]
[Round "1"]
[White "Wagener, Anna"]
[Black "Kosintseva, Tatiana"]
[Result "1/2-1/2"]
[WhiteElo "2255"]
[BlackElo "2497"]
[PlyCount "71"]
[EventDate "2009.03.07"]

1. e4 c5 2. Nf3 d6 3. d4 cxd4 4. Qxd4 a6 5. c4 Nf6 6. Nc3 e6 7. Be3 Nbd7 8. Be2
Be7 9. O-O Qc7 10. Qd2 O-O 11. Nd4 b6 12. Rfc1 Bb7 13. f3 Rac8 14. a4 Ne5 15.
a5 bxa5 16. Nb3 Nc6 17. Nd5 exd5 18. cxd5 Qb8 19. dxc6 Bxc6 20. Nxa5 Bb5 21.
Nc4 Nd7 22. Bf4 Rc6 23. Ne3 Rfc8 24. Nd5 Rxc1+ 25. Rxc1 Rxc1+ 26. Qxc1 Bf8 27.
Bxb5 Qxb5 28. Qc8 Qc5+ 29. Qxc5 Nxc5 30. b4 Ne6 31. Bg3 f6 32. Kf2 Kf7 33. Ke3
Ke8 34. Kd3 Kd7 35. Kc4 Nd8 36. Bf2 1/2-1/2

[Event "10. Europameisterschaft der Frauen"]
[Site "St. Petersburg"]
[Date "2009.03.09"]
[Round "2"]
[White "Kosintseva, Tatiana"]
[Black "Tarasova, Viktoriya"]
[Result "1/2-1/2"]
[WhiteElo "2497"]
[BlackElo "2257"]
[PlyCount "108"]
[EventDate "2009.03.07"]

1. e4 e5 2. Nf3 Nc6 3. Bb5 a6 4. Ba4 Nf6 5. O-O Be7 6. Re1 b5 7. Bb3 d6 8. c3
O-O 9. h3 Nb8 10. d4 Nbd7 11. Nbd2 Bb7 12. Bc2 c5 13. d5 c4 14. b3 cxb3 15.
axb3 Qc7 16. Bb2 Rfc8 17. Bd3 Nc5 18. Bf1 Qb6 19. Qe2 Rab8 20. Ba3 Ba8 21. Bb4
Bd8 22. Ba5 Qa7 23. Bxd8 Rxd8 24. Qe3 Qb6 25. b4 Ncd7 26. Nb3 Ne8 27. Nfd2 Qxe3
28. Rxe3 Nc7 29. Ree1 f5 30. f3 Nf6 31. Rec1 fxe4 32. fxe4 Rb6 33. Na5 Nce8 34.
c4 bxc4 35. Rxc4 Rdb8 36. Rac1 Kf7 37. Kf2 Ke7 38. Rb1 Kd7 39. Be2 Nc7 40. Bd1
Nb5 41. Ba4 Kd8 42. Bxb5 Rxb5 43. Ke3 Kd7 44. g4 h6 45. Kd3 R5b6 46. Rbc1 Ne8
47. Kc3 Nf6 48. Kb3 Nxd5 49. exd5 Bxd5 50. Ka3 Bxc4 51. Ndxc4 Rxb4 52. Rd1 Rb1
53. Rxd6+ Ke8 54. Ka2 R1b4 1/2-1/2

[Event "10. Europameisterschaft der Frauen"]
[Site "St. Petersburg"]
[Date "2009.03.10"]
[Round "3"]
[White "Dolgova, Olga"]
[Black "Kosintseva, Tatiana"]
[Result "0-1"]
[WhiteElo "2245"]
[BlackElo "2497"]
[PlyCount "142"]
[EventDate "2009.03.07"]

1. d4 Nf6 2. Nc3 e6 3. Bg5 h6 4. Bxf6 Qxf6 5. e4 Bb4 6. Nf3 O-O 7. Bd3 d6 8. e5
dxe5 9. dxe5 Bxc3+ 10. bxc3 Qe7 11. Qe2 Nd7 12. Qe4 f5 13. exf6 Nxf6 14. Qe3
Nd5 15. Qe4 Nf6 16. Qe3 Bd7 17. Ne5 Be8 18. O-O b6 19. Rfe1 Rd8 20. h3 Rd5 21.
c4 Rc5 22. Re2 Nd7 23. Ng4 h5 24. Qe4 g6 25. Ne3 Nf6 26. Qd4 Qg7 27. Qb2 Bf7
28. Rae1 Nd7 29. Qxg7+ Kxg7 30. Nf1 Ra5 31. Ra1 Nc5 32. Nd2 Rd8 33. Re3 Ra3 34.
Nb3 Rxd3 35. Rxd3 Nxd3 36. cxd3 e5 37. Nc1 e4 38. dxe4 Bxc4 39. Rb1 Kf6 40. Rb2
Ke5 41. f3 Kd4 42. Rd2+ Ke3 43. Rc2 b5 44. e5 Kf4 45. e6 Bxe6 46. Rxc7 Bxa2 47.
Rc5 Bc4 48. Kf2 h4 49. Ke1 Ke3 50. Re5+ Kd4 51. Rg5 b4 52. Kd2 a5 53. Rxg6 a4
54. Rg4+ Kd5 55. Rxh4 Ra1 56. Rh5+ Kd4 57. Rh4+ Kc5 58. Rh5+ Kb6 59. Rh6+ Ka5
60. Rh5+ Bb5 61. Kc2 Ra3 62. h4 Rc3+ 63. Kd2 Rc8 64. Ne2 a3 65. Nc1 Ka4 66. Rh7
b3 67. Ra7+ Kb4 68. Nxb3 Kxb3 69. g4 a2 70. h5 Ba4 71. Rb7+ Ka3 0-1

[Event "10. Europameisterschaft der Frauen"]
[Site "St. Petersburg"]
[Date "2009.03.11"]
[Round "4"]
[White "Kosintseva, Tatiana"]
[Black "Iljushina, Olga"]
[Result "1/2-1/2"]
[WhiteElo "2497"]
[BlackElo "2269"]
[PlyCount "76"]
[EventDate "2009.03.07"]

1. e4 c5 2. Nf3 Nc6 3. Bb5 g6 4. O-O Bg7 5. Re1 e5 6. Bxc6 dxc6 7. d3 Qe7 8.
Nbd2 Nh6 9. a3 Be6 10. Nc4 f6 11. Bd2 Nf7 12. b4 O-O 13. Qe2 Rfd8 14. Reb1 Rd7
15. Be3 b6 16. Nfd2 f5 17. f3 f4 18. Bf2 cxb4 19. axb4 Rad8 20. Nf1 Bf6 21.
Ncd2 h5 22. h3 Kh7 23. Nh2 Bh4 24. Bxh4 Qxh4 25. Qf2 Qe7 26. g4 fxg3 27. Qxg3
h4 28. Qg2 Ng5 29. Ng4 Rf8 30. Nxe5 Nxh3+ 31. Kh1 Nf4 32. Qh2 Rc7 33. Rg1 g5
34. Ndc4 Nh3 35. Rgf1 Nf4 36. Rg1 Nh3 37. Rgf1 Nf4 38. Rg1 Nh3 1/2-1/2

[Event "10. Europameisterschaft der Frauen"]
[Site "St. Petersburg"]
[Date "2009.03.12"]
[Round "5"]
[White "Girya, Olga"]
[Black "Kosintseva, Tatiana"]
[Result "0-1"]
[WhiteElo "2315"]
[BlackElo "2497"]
[PlyCount "104"]
[EventDate "2009.03.07"]

1. e4 c5 2. Nc3 d6 3. Bb5+ Bd7 4. a4 Nc6 5. f4 g6 6. Nf3 Bg7 7. O-O Nf6 8. d3
O-O 9. Bxc6 Bxc6 10. Qe1 e6 11. f5 exf5 12. exf5 Qd7 13. Qh4 Qxf5 14. Bg5 Ng4
15. h3 Ne5 16. Nd4 Qd7 17. Nxc6 Nxc6 18. Bf6 d5 19. Qg5 Nb4 20. Bxg7 Kxg7 21.
Qf6+ Kg8 22. Rf2 Rae8 23. Raf1 b6 24. Ne2 d4 25. Nf4 Nd5 26. Nxd5 Qxd5 27. b3
Re6 28. Qf4 f5 29. Qc7 Rf7 30. Qb8+ Kg7 31. g4 Ref6 32. gxf5 gxf5 33. Re1 f4
34. Qe5 Qxe5 35. Rxe5 Rf5 36. Rxf5 Rxf5 37. Kg2 Kg6 38. Kf3 Kh5 39. Ke4 Rf7 40.
Kf3 Kh4 41. Rh2 h5 42. Rh1 Re7 43. Kxf4 Re2 44. Rc1 Rf2+ 45. Ke5 Kxh3 46. b4 h4
47. bxc5 bxc5 48. c3 dxc3 49. Rxc3 Kg4 50. Ke6 h3 51. Rxc5 h2 52. Rc1 Rd2 0-1

[Event "10. Europameisterschaft der Frauen"]
[Site "St. Petersburg"]
[Date "2009.03.13"]
[Round "6"]
[White "Kosintseva, Tatiana"]
[Black "Zaiatz, Elena"]
[Result "1-0"]
[WhiteElo "2497"]
[BlackElo "2364"]
[PlyCount "85"]
[EventDate "2009.03.07"]

1. e4 e5 2. Nf3 Nc6 3. Bb5 a6 4. Ba4 Nf6 5. O-O Be7 6. Re1 b5 7. Bb3 d6 8. c3
O-O 9. h3 Na5 10. Bc2 c5 11. d4 Qc7 12. Nbd2 cxd4 13. cxd4 Rd8 14. b3 Bb7 15.
Bb2 Nc6 16. a3 Bf8 17. b4 a5 18. d5 Ne7 19. Bd3 Qb6 20. Nb3 axb4 21. axb4 Rxa1
22. Qxa1 Ra8 23. Qd1 Ne8 24. Na5 Bc8 25. Bc1 f5 26. exf5 Bxf5 27. Be3 Qa6 28.
Bxf5 Nxf5 29. Qd3 Ne7 30. Bg5 Nf6 31. Bxf6 gxf6 32. Nh4 Qc8 33. Nc6 Nxc6 34.
Rc1 Bh6 35. Rxc6 Qd7 36. Nf5 Bf8 37. Qc2 Qf7 38. Rc7 Qg6 39. Rg7+ Bxg7 40. Ne7+
Kf7 41. Nxg6 hxg6 42. Qc7+ Kg8 43. Qxd6 1-0

[Event "10. Europameisterschaft der Frauen"]
[Site "St. Petersburg"]
[Date "2009.03.14"]
[Round "7"]
[White "Shadrina, Tatiana"]
[Black "Kosintseva, Tatiana"]
[Result "1-0"]
[WhiteElo "2416"]
[BlackElo "2497"]
[PlyCount "93"]
[EventDate "2009.03.07"]

1. e4 e5 2. Nf3 Nc6 3. Bb5 a6 4. Ba4 Nf6 5. O-O Be7 6. Re1 b5 7. Bb3 d6 8. c3
O-O 9. h3 Bb7 10. d4 Re8 11. Ng5 Rf8 12. Nf3 Re8 13. Nbd2 Bf8 14. Bc2 g6 15. d5
Nb8 16. c4 c6 17. a3 Nbd7 18. b4 Nb6 19. dxc6 Bxc6 20. cxb5 axb5 21. Bb3 Bg7
22. Ra2 d5 23. exd5 Nfxd5 24. Rc2 Rc8 25. Ne4 Nc4 26. Bxc4 bxc4 27. Rxc4 f5 28.
Bg5 Qd7 29. Nc5 Qf7 30. Rc2 f4 31. Qd3 Nb6 32. Ne4 Bxe4 33. Qxe4 Rxc2 34. Qxc2
h6 35. Bxh6 Bxh6 36. Rxe5 Rd8 37. Rc5 Bg7 38. Ng5 Qe8 39. Qb3+ Kh8 40. Nf7+ Kh7
41. Nxd8 Qxd8 42. Qf7 Na4 43. Rc6 Qg5 44. h4 Qh5 45. b5 Nc5 46. b6 Nd3 47. Rc7
1-0

[Event "10. Europameisterschaft der Frauen"]
[Site "St. Petersburg"]
[Date "2009.03.16"]
[Round "8"]
[White "Kosintseva, Tatiana"]
[Black "Vasilevich, Irina"]
[Result "1-0"]
[WhiteElo "2497"]
[BlackElo "2340"]
[PlyCount "73"]
[EventDate "2009.03.07"]

1. e4 e6 2. d4 d5 3. Nc3 Nf6 4. e5 Nfd7 5. f4 c5 6. Nf3 Nc6 7. Be3 Be7 8. Qd2
O-O 9. Be2 a6 10. O-O b5 11. a3 Qb6 12. Nd1 a5 13. c3 a4 14. Bd3 Na5 15. Qe2
Nc4 16. Bf2 g6 17. Kh1 Rb8 18. g4 f5 19. gxf5 exf5 20. h4 Re8 21. h5 Nf8 22.
Rg1 Rb7 23. Ne3 Nxe3 24. Bxe3 c4 25. Bc2 Bd8 26. Rg3 Kh8 27. Qh2 Rg7 28. Rag1
Ree7 29. Nh4 Rc7 30. hxg6 Bxh4 31. Qxh4 Nxg6 32. Rxg6 Rxg6 33. Rxg6 Qxg6 34.
Qd8+ Qg8 35. Qxc7 Qe8 36. Bd1 Be6 37. Bf2 1-0

[Event "10. Europameisterschaft der Frauen"]
[Site "St. Petersburg"]
[Date "2009.03.17"]
[Round "9"]
[White "Khurtsidze, Nino"]
[Black "Kosintseva, Tatiana"]
[Result "0-1"]
[WhiteElo "2421"]
[BlackElo "2497"]
[PlyCount "64"]
[EventDate "2009.03.07"]

1. d4 Nf6 2. c4 e6 3. Nc3 Bb4 4. Qc2 O-O 5. Nf3 c5 6. dxc5 Na6 7. c6 bxc6 8. a3
Bxc3+ 9. Qxc3 Nc5 10. e3 a5 11. Bd2 d6 12. Qc2 e5 13. Rd1 g6 14. b4 Bf5 15. Qc1
Nb3 16. Qb2 Nxd2 17. Nxd2 axb4 18. axb4 Ra4 19. c5 Nd5 20. e4 Rxb4 21. Qc2 Bxe4
22. Nxe4 Rxe4+ 23. Qxe4 Qa5+ 24. Rd2 Qa1+ 25. Rd1 Qxd1+ 26. Kxd1 Nc3+ 27. Kc2
Nxe4 28. cxd6 Nxf2 29. Rg1 Rd8 30. Bc4 Ne4 31. Re1 Nxd6 32. Ba2 e4 0-1

[Event "10. Europameisterschaft der Frauen"]
[Site "St. Petersburg"]
[Date "2009.03.18"]
[Round "10"]
[White "Kosintseva, Tatiana"]
[Black "Foisor, Cristina-Adela"]
[Result "1-0"]
[WhiteElo "2497"]
[BlackElo "2412"]
[PlyCount "87"]
[EventDate "2009.03.07"]

1. e4 e5 2. Nf3 Nc6 3. Bb5 Nf6 4. d3 d6 5. O-O Bd7 6. c3 g6 7. Nbd2 Bg7 8. Re1
O-O 9. Ba4 Qe8 10. Bb3 Nh5 11. Nf1 Nd8 12. Ne3 Kh8 13. d4 f6 14. g3 Rc8 15. Bc2
Nf7 16. Ng2 Bh6 17. Bxh6 Nxh6 18. Qd2 Kg7 19. Nfh4 g5 20. Nf5+ Nxf5 21. exf5
Kh8 22. dxe5 dxe5 23. Be4 Bc6 24. Qe2 Ng7 25. Rad1 Bxe4 26. Qxe4 Qb5 27. b3
Rfd8 28. h4 h6 29. hxg5 hxg5 30. Ne3 Kg8 31. Nd5 Kf7 32. Nxc7 Qc6 33. Nd5 Rh8
34. c4 Rh6 35. Kg2 Rch8 36. Rh1 Rxh1 37. Rxh1 Rxh1 38. Kxh1 a5 39. Kg1 b5 40.
g4 Ne8 41. Qh1 bxc4 42. Qh7+ Ng7 43. Qg6+ Kf8 44. bxc4 1-0

[Event "10. Europameisterschaft der Frauen"]
[Site "St. Petersburg"]
[Date "2009.03.08"]
[Round "1"]
[White "Shaidullina, Sandugach"]
[Black "Mkrtchian, Lilit"]
[Result "0-1"]
[WhiteElo "2231"]
[BlackElo "2460"]
[PlyCount "116"]
[EventDate "2009.03.07"]

1. d4 d6 2. Nf3 Bg4 3. c4 g6 4. Qb3 Qc8 5. Nc3 Bg7 6. Be3 Nh6 7. Nh4 O-O 8. h3
Bd7 9. g4 Nc6 10. O-O-O Na5 11. Qb4 b6 12. Nd5 Qd8 13. Nf3 c6 14. Bxh6 Bxh6+
15. Ne3 c5 16. dxc5 bxc5 17. Qc3 Rb8 18. Rd2 Be6 19. g5 Bg7 20. Qa3 Bxc4 21.
Bg2 Be6 22. h4 Qb6 23. h5 c4 24. hxg6 fxg6 25. Rc2 Rfc8 26. Bh3 Bxh3 27. Rxh3
Rc5 28. Nd1 Rf5 29. e4 Nb3+ 30. axb3 Ra5 31. bxc4 Rxa3 32. bxa3 Qc5 33. Ne3
Qxa3+ 34. Kd2 Rb3 35. e5 Qc5 36. e6 Qa5+ 37. Kd1 Rd3+ 38. Rd2 Rxd2+ 39. Nxd2
Qxg5 40. Nd5 Qg4+ 41. Rf3 Qxe6 42. Re3 Qg4+ 43. f3 Qg1+ 44. Re1 Qd4 45. Nxe7+
Kf8 46. Nd5 a5 47. Re4 Qa1+ 48. Ke2 a4 49. c5 dxc5 50. Nc4 Bd4 51. Ndb6 Qa2+
52. Kd1 Qb3+ 53. Kc1 a3 54. Nd7+ Kg7 55. Re7+ Kh6 56. Nxa3 Be3+ 57. Rxe3 Qxe3+
58. Kb2 Qd4+ 0-1

[Event "10. Europameisterschaft der Frauen"]
[Site "St. Petersburg"]
[Date "2009.03.09"]
[Round "2"]
[White "Mkrtchian, Lilit"]
[Black "Galojan, Lilit"]
[Result "1/2-1/2"]
[WhiteElo "2460"]
[BlackElo "2316"]
[PlyCount "25"]
[EventDate "2009.03.07"]

1. d4 d5 2. c4 e6 3. Nf3 Nf6 4. Nc3 Be7 5. Bg5 h6 6. Bh4 O-O 7. e3 b6 8. Bd3
Bb7 9. O-O Nbd7 10. Qe2 dxc4 11. Bxc4 Ne4 12. Bxe7 Qxe7 13. Ba6 1/2-1/2

[Event "10. Europameisterschaft der Frauen"]
[Site "St. Petersburg"]
[Date "2009.03.11"]
[Round "4"]
[White "Mkrtchian, Lilit"]
[Black "Turova, Irina"]
[Result "1-0"]
[WhiteElo "2460"]
[BlackElo "2379"]
[PlyCount "59"]
[EventDate "2009.03.07"]

1. e4 e5 2. Bc4 Nc6 3. Nf3 Bc5 4. c3 Nf6 5. d3 a6 6. O-O d6 7. Bb3 h6 8. Re1
Ba7 9. Nbd2 g5 10. Nf1 g4 11. N3d2 b5 12. Ne3 h5 13. Ndf1 h4 14. Nd5 g3 15.
hxg3 Bg4 16. Qc2 hxg3 17. Be3 Bxe3 18. Rxe3 Nxd5 19. Bxd5 Qh4 20. Bxc6+ Ke7 21.
fxg3 Qh1+ 22. Kf2 Raf8 23. Rc1 f5 24. exf5 Rxf5+ 25. Bf3 Bxf3 26. Rxf3 Rxf3+
27. gxf3 Kd7 28. d4 Rf8 29. Qe4 c6 30. dxe5 1-0

[Event "10. Europameisterschaft der Frauen"]
[Site "St. Petersburg"]
[Date "2009.03.12"]
[Round "5"]
[White "Shadrina, Tatiana"]
[Black "Mkrtchian, Lilit"]
[Result "0-1"]
[WhiteElo "2416"]
[BlackElo "2460"]
[PlyCount "74"]
[EventDate "2009.03.07"]

1. e4 c6 2. d4 d5 3. exd5 cxd5 4. c4 Nf6 5. Nc3 e6 6. Nf3 Bb4 7. cxd5 Nxd5 8.
Qc2 Nc6 9. Bd3 h6 10. O-O O-O 11. a3 Bd6 12. Qe2 Nce7 13. Re1 Nf6 14. Bd2 Nf5
15. Rad1 Bd7 16. Bc1 Rc8 17. Bb1 Bxa3 18. Ne5 Bb4 19. Qf3 Bc6 20. Qh3 Nd5 21.
Bd2 a5 22. Qd3 Qh4 23. Re4 Qf6 24. Rg4 Bxc3 25. bxc3 Rfd8 26. h3 Be8 27. c4 Nb4
28. Qf3 Rxd4 29. Rxd4 Nxd4 30. Qxb7 Rd8 31. Ng4 Ne2+ 32. Kf1 Qd4 33. Ne3 Qb2
34. Kxe2 Ba4 35. Re1 Bc6 36. Qxb4 axb4 37. Nf1 Bxg2 0-1